000 00808nac a22001811u 4500
008 100920t xxu||||| |||| 00| 0 eng d
082 _a650.03
_bH3617
100 _aHegazy, Tamer.
_919591
245 _aCommercial Dictionary For Students Business:
_bArabic- English : for Students-Business.
_cTamer Hegazy.
260 _aAlexandria :
_bDar Al-Matbooat Al-Gameeya ,
300 _a230, 233 p,
_c21 cm.
500 _aEnglish Arabic and Arabic English.
500 _aTitle In Arabic and English.
650 _aCommerce - Dictionaries.
_919592
655 _aFor Buiness Students.
_919593
942 _cREFERENCE
_k650.03 H3617
_2ddc
999 _c3653
_d3653